000 00474cab a2200181 4500
001 X1065
008 090401t1993 xxu||||| |||| 00| 0 eng d
035 _a(Sirsi) u14515
041 _aeng
245 _a1993 RICS Christmas card
260 _c1993
350 _a0
490 _aCSM (Chartered Surveyor Monthly)
_v3(2) October 1993, 2(1)
650 _aCHRISTMAS CARD
690 _aMANAGEMENT-BUSINESS MANAGEMENT-PROFESSIONAL PRACTICE
942 _n0
948 _c04/03/1997
999 _c9466
_d9466